000 00510cam a2200169 4500
008 140328n 000 0 eng u
020 _a9788791836374
035 _a(Sirsi) a183065
050 _aK 133 HUM 2010
245 _aA human right to legal aid/
_cedited by Paul Dalton and Hatla Thelle
260 _aDenmark:
_bDanish Institute for Human Rights,
_c2010.
300 _a264p.
504 _aIncludes notes and appendices
650 _aLegal aid
700 _aDalton, Paul
700 _aThelle, Hatla
999 _c121045
_d121045